[Event "9th Asrian Memorial 2016"]
[Site "Yerevan ARM"]
[Date "2016.06.21"]
[Round "6.22"]
[White "Shmavonyan, Areg"]
[Black "Hakobyan, Hovhannes H."]
[Result "1-0"]
[WhiteElo "1995"]
[BlackElo "2161"]
[WhiteFideId "13309420"]
[BlackFideId "13306308"]
[EventDate "2016.06.16"]

1. d4 Nf6 2. c4 g6 3. Nc3 d5 4. Nf3 Bg7 5. Bf4 O-O 6. e3 c6 7. Be2 dxc4 8. Bxc4
Nbd7 9. O-O Nh5 10. Bg5 h6 11. Bh4 g5 12. Bg3 Nxg3 13. hxg3 e5 14. Bb3 exd4 15.
Nxd4 Ne5 16. Bc2 Bg4 17. f3 c5 18. Nb3 Bh5 19. Qe2 Bg6 20. Rad1 Qe8 21. Bxg6
Nxg6 22. Nxc5 Qc6 23. Qb5 Rac8 24. Nxb7 Bxc3 25. Qxc6 Rxc6 26. bxc3 Rxc3 27. Rd7
Ne5 28. Rd5 Rb8 29. Rb1 Nc4 30. Rc5 Rc2 31. Rb4 Nxe3 32. Rxc2 Nxc2 33. Rc4 Rxb7
34. Rxc2 Kg7 35. Rc5 Rb1+ 36. Kh2 Kg6 37. Ra5 Rb7 38. Ra6+ f6 39. g4 Kf7 40. Kg3
Re7 41. Kf2 Kg7 42. g3 Kf7 43. f4 gxf4 44. gxf4 Kg6 45. Kg3 Rc7 46. Kh4 Kg7 47.
Kh5 Rb7 48. Kh4 Rc7 49. Kg3 Kg6 50. Kh4 Kg7 51. a4 Kg6 52. a5 Kg7 53. Rd6 Kf7
54. f5 Ke7 55. Re6+ Kf7 56. a6 Rc3 57. Rd6 Ke7 58. Rd4 Rc6 59. Kh5 Rxa6 60. Kxh6
Rc6 61. Kg7 a5 62. Re4+ Kd6 63. Re6+ Kd5 64. Rxc6 Kxc6 65. g5 a4 66. gxf6 1-0

[Event "9th Asrian Memorial 2016"]
[Site "Yerevan ARM"]
[Date "2016.06.21"]
[Round "6.23"]
[White "Gharibyan, Mamikon"]
[Black "Nanyan, Georgy"]
[Result "1-0"]
[WhiteTitle "CM"]
[WhiteElo "2085"]
[BlackElo "1570"]
[WhiteFideId "13308300"]
[BlackFideId "13310100"]
[EventDate "2016.06.16"]

1. d4 Nf6 2. c4 c5 3. d5 d6 4. Nc3 g6 5. e4 Bg7 6. Nf3 O-O 7. Be2 Nbd7 8. O-O
Ne8 9. Re1 Nc7 10. Bf4 a6 11. a4 h6 12. Qd2 Kh7 13. h3 Ne5 14. Nxe5 dxe5 15. Be3
Qd6 16. a5 Bd7 17. Na4 Bxa4 18. Rxa4 e6 19. b4 cxb4 20. Rxb4 exd5 21. cxd5 Rfb8
22. Reb1 f5 23. Rb6 Qd8 24. Rxb7 Rxb7 25. Rxb7 Qc8 26. Rb6 Qd7 27. exf5 gxf5 28.
d6 Nb5 29. Qd5 Nc3 30. Qxa8 Nxe2+ 31. Kh2 e4 32. Qd5 Nc3 33. Rb7 Qd8 34. Qxf5+ 1-0

[Event "9th Asrian Memorial 2016"]
[Site "Yerevan ARM"]
[Date "2016.06.21"]
[Round "6.24"]
[White "Hoghmrtsyan, Artur"]
[Black "Korniyuk, Mariya"]
[Result "1-0"]
[BlackTitle "WFM"]
[WhiteElo "1870"]
[BlackElo "2082"]
[WhiteFideId "13306685"]
[BlackFideId "14118874"]
[EventDate "2016.06.16"]

1. d4 d5 2. c4 e6 3. Nf3 Nf6 4. g3 dxc4 5. Bg2 Nc6 6. O-O Rb8 7. e3 b5 8. b3
cxb3 9. axb3 a6 10. Qe2 Bb4 11. Ne1 Nd5 12. Nd3 Be7 13. Bb2 O-O 14. Rc1 Rb6 15.
Nd2 Nb8 16. Ne4 Nd7 17. Nec5 Nxc5 18. dxc5 Rb8 19. e4 Nf6 20. b4 c6 21. Rd1 Qe8
22. Nc1 Ra8 23. Nb3 e5 24. Bxe5 Bg4 25. f3 Be6 26. Na5 Qc8 27. Bd6 Re8 28. Bxe7
Rxe7 29. Rd6 Bd7 30. Rad1 Ne8 31. R6d4 g6 32. Qd2 Ra7 33. f4 Ng7 34. Rd6 Ne8 35.
Rd4 Ng7 36. e5 Qc7 37. Rd6 Nf5 38. Nxc6 Bxc6 39. Rxc6 Qd7 40. Rb6 Ne3 41. Rd6 1-0

[Event "9th Asrian Memorial 2016"]
[Site "Yerevan ARM"]
[Date "2016.06.21"]
[Round "6.25"]
[White "Hairapetian, Anna"]
[Black "Barseghyan, Armen Ar."]
[Result "0-1"]
[WhiteTitle "WIM"]
[WhiteElo "2184"]
[BlackElo "1849"]
[WhiteFideId "13303554"]
[BlackFideId "13306707"]
[EventDate "2016.06.16"]

1. e4 c5 2. Nf3 Nc6 3. d4 cxd4 4. Nxd4 g6 5. c4 Bg7 6. Be3 Nf6 7. Nc3 d6 8. Be2
O-O 9. O-O Bd7 10. f3 Nxd4 11. Bxd4 Bc6 12. Qd2 Nd7 13. Bxg7 Kxg7 14. Kh1 a5 15.
Rad1 Rc8 16. f4 Qb6 17. Bg4 e6 18. f5 Nf6 19. Bh3 exf5 20. exf5 Rce8 21. Rde1
Rxe1 22. Rxe1 Re8 23. Rxe8 Nxe8 24. Nd1 Nf6 25. Qc3 d5 26. c5 Qd8 27. Nf2 d4 28.
Qc4 Qe7 29. Kg1 Qe1+ 30. Qf1 Qd2 31. Ng4 Nxg4 32. Bxg4 d3 33. f6+ Kg8 34. h3 h5
35. Bd1 Bxg2 36. Qf2 Qxd1+ 37. Kxg2 Qc2 38. Kg3 h4+ 39. Kg2 d2 0-1

[Event "9th Asrian Memorial 2016"]
[Site "Yerevan ARM"]
[Date "2016.06.21"]
[Round "6.26"]
[White "Chubar, Vladimir"]
[Black "Mashalov, Aliniyaz"]
[Result "0-1"]
[WhiteTitle "IM"]
[WhiteElo "2007"]
[BlackElo "1680"]
[WhiteFideId "14101491"]
[BlackFideId "14004003"]
[EventDate "2016.06.16"]

1. d4 Nf6 2. Nf3 e6 3. Bg5 h6 4. Bh4 b6 5. e3 Bb7 6. Bd3 d6 7. O-O Nbd7 8. Qe2
Be7 9. Nbd2 O-O 10. e4 e5 11. c3 Nh5 12. Bg3 Nxg3 13. hxg3 c6 14. dxe5 dxe5 15.
Rfd1 Qc7 16. Nf1 Nc5 17. Bc4 Rfd8 18. a4 Rxd1 19. Rxd1 Nxa4 20. Bxf7+ Kxf7 21.
Qc4+ Kf8 22. Qxa4 b5 23. Qb3 Rd8 24. Rxd8+ Bxd8 25. Qa3+ c5 26. N1d2 a6 27. Nb3
Be7 28. Nh4 Kg8 29. Nf5 Bf8 30. Nd2 c4 31. b4 Qd7 32. Qc1 Qd3 33. f3 Bc8 34. g4
Bxf5 35. gxf5 Qe3+ 36. Kh2 Be7 37. Qb2 Bg5 38. Nf1 Qc1 39. Qf2 Qxc3 40. Qc5 Bf4+
41. g3 Qxf3 42. gxf4 Qxf1 43. Qxe5 Qf2+ 44. Kh3 Qf3+ 45. Kh2 Qg4 46. Qe6+ Kh7
47. e5 Qxf4+ 48. Kh3 Qf3+ 49. Kh4 Qg2 50. Qe7 Qg5+ 51. Qxg5 hxg5+ 52. Kxg5 c3
53. f6 gxf6+ 0-1

[Event "9th Asrian Memorial 2016"]
[Site "Yerevan ARM"]
[Date "2016.06.21"]
[Round "6.27"]
[White "Arakelyan, Nare"]
[Black "Kshtoyan, Indat"]
[Result "1-0"]
[WhiteElo "1766"]
[BlackElo "1939"]
[WhiteFideId "13307657"]
[BlackFideId "13304801"]
[EventDate "2016.06.16"]

1. e4 c6 2. d4 g6 3. Nc3 Bg7 4. Be3 d6 5. Qd2 Nd7 6. Bd3 b5 7. Nge2 a6 8. O-O
Ngf6 9. Bh6 O-O 10. Bxg7 Kxg7 11. f4 e5 12. dxe5 dxe5 13. f5 Qb6+ 14. Kh1 Ng4
15. h3 Nf2+ 16. Kh2 Rd8 17. Ng3 Nxd3 18. cxd3 f6 19. Rf3 g5 20. Nd1 Nc5 21. b4
Na4 22. Ne3 Qd4 23. Rc1 Bb7 24. Ng4 c5 25. Nh5+ Kf7 26. Nhxf6 h6 27. Nh5 Rh8 28.
Qc2 c4 29. Re3 Rac8 30. dxc4 Rxc4 31. Qb3 Nb6 32. Rd1 1-0

[Event "9th Asrian Memorial 2016"]
[Site "Yerevan ARM"]
[Date "2016.06.21"]
[Round "6.28"]
[White "Abrahamyan, Rashid"]
[Black "Mkrtchyan, Sargis R."]
[Result "0-1"]
[WhiteElo "1756"]
[BlackElo "2183"]
[WhiteFideId "13304054"]
[BlackFideId "13307878"]
[EventDate "2016.06.16"]

1. d4 Nf6 2. e3 g6 3. c4 Bg7 4. Nc3 O-O 5. g3 d5 6. cxd5 Nxd5 7. Bg2 Nb6 8. Nge2
Nc6 9. b3 e5 10. d5 Ne7 11. Ba3 Re8 12. Rc1 Bd7 13. O-O Nf5 14. Qd2 Nd6 15. Rfd1
Bf5 16. e4 Bd7 17. Bc5 Nbc8 18. a4 Ne7 19. Rf1 f5 20. f3 Kh8 21. Be3 Ng8 22. Rc2
a6 23. Rfc1 Rc8 24. Nd1 fxe4 25. fxe4 Nf6 26. Nf2 c6 27. Qb4 a5 28. Qd2 cxd5 29.
Rxc8 Bxc8 30. exd5 Nf5 31. Bg5 Qb6 32. Rc3 Ng4 33. Rf3 e4 0-1

[Event "9th Asrian Memorial 2016"]
[Site "Yerevan ARM"]
[Date "2016.06.21"]
[Round "6.29"]
[White "Golikov, Daniil"]
[Black "Nazaryan, Armenak"]
[Result "1-0"]
[WhiteElo "2142"]
[BlackElo "1845"]
[WhiteFideId "24170623"]
[BlackFideId "13304747"]
[EventDate "2016.06.16"]

1. d4 d5 2. c4 e6 3. Nf3 c6 4. e3 Nf6 5. Nbd2 Nbd7 6. Bd3 Bd6 7. O-O O-O 8. e4
dxe4 9. Nxe4 Nxe4 10. Bxe4 Nf6 11. Bc2 h6 12. b3 b6 13. Bb2 Bb7 14. Qd3 Re8 15.
Rfe1 Rc8 16. Rad1 Be7 17. Ne5 Qc7 18. Ng4 Bd8 19. d5 Qd6 20. Nxf6+ Bxf6 21. Qh7+
Kf8 22. Bxf6 gxf6 23. dxe6 Rxe6 24. Rxe6 Qxe6 25. Bf5 Qe2 26. Qh8+ 1-0

[Event "9th Asrian Memorial 2016"]
[Site "Yerevan ARM"]
[Date "2016.06.21"]
[Round "6.30"]
[White "Golikov, Sergei"]
[Black "Grigoryan, Arpine"]
[Result "1-0"]
[WhiteElo "1774"]
[BlackElo "1978"]
[WhiteFideId "34103330"]
[BlackFideId "13307231"]
[EventDate "2016.06.16"]

1. c4 Nf6 2. Nc3 e6 3. e4 d5 4. e5 d4 5. exf6 dxc3 6. fxg7 cxd2+ 7. Qxd2 Qxd2+
8. Bxd2 Bxg7 9. O-O-O O-O 10. g4 a5 11. Bg2 a4 12. Kb1 Nd7 13. f4 Rb8 14. Be3 c5
15. Ne2 b5 16. cxb5 Rxb5 17. Rd2 Nf6 18. Nc3 Ra5 19. h3 a3 20. Rc1 axb2 21. Rxb2
Nd5 22. Nxd5 Bxb2 23. Ne7+ Kg7 24. Kxb2 Bb7 25. Bxb7 Rb8 26. Rxc5 Rxb7+ 27. Ka1
Ra4 28. Rg5+ Kf8 29. Nc8 h6 30. Bc5+ Ke8 31. Rg8+ Kd7 32. Nb6+ Rxb6 33. Bxb6
Rxf4 34. Rh8 Kc6 35. Ba5 Rf1+ 36. Kb2 Rf2+ 37. Kb1 Kb5 38. Bd8 Rf1+ 39. Kc2 Rf2+
40. Kc1 Rxa2 41. Rxh6 Rh2 42. h4 Kc6 43. Bf6 Kd6 44. Rh5 Rg2 45. Rg5 Rg1+ 46.
Kd2 Rh1 47. Rg8 e5 48. Re8 Rg1 49. g5 Rh1 50. Bxe5+ Kd7 51. Rh8 1-0

[Event "9th Asrian Memorial 2016"]
[Site "Yerevan ARM"]
[Date "2016.06.21"]
[Round "6.31"]
[White "Karapetyan, Lusine"]
[Black "Hakobyan, Yurik L."]
[Result "1-0"]
[WhiteElo "1961"]
[BlackElo "1544"]
[WhiteFideId "13303163"]
[BlackFideId "13308866"]
[EventDate "2016.06.16"]

1. e4 d6 2. d4 Nf6 3. Nc3 c6 4. a4 h6 5. Nf3 Bg4 6. h3 Bh5 7. Be2 Bxf3 8. Bxf3
e6 9. O-O Nbd7 10. a5 Be7 11. Be3 O-O 12. Be2 b5 13. axb6 axb6 14. f4 b5 15. e5
Nh7 16. Bf3 d5 17. Qd3 f5 18. exf6 Rxf6 19. Ne2 Nb6 20. b3 Nf8 21. Ng3 Rg6 22.
Nh5 Bd6 23. Bg4 Qh4 24. Bf2 Qd8 25. Kh1 Bc7 26. Rxa8 Qxa8 27. Bh4 Nbd7 28. f5
exf5 29. Bxf5 Qe8 30. Bxg6 Nxg6 31. Bg3 Ba5 32. Nf4 Bc7 33. Nxg6 Bxg3 34. Qxg3
Qe2 35. Qf2 Qe8 36. Nh4 Nf6 37. Nf5 Ne4 38. Qf4 Qe6 39. Qb8+ Kh7 40. Qc7 Qf6 41.
Qf4 1-0

[Event "9th Asrian Memorial 2016"]
[Site "Yerevan ARM"]
[Date "2016.06.22"]
[Round "7.1"]
[White "Pashikian, Arman"]
[Black "Zhigalko, Andrey"]
[Result "1/2-1/2"]
[WhiteTitle "GM"]
[BlackTitle "GM"]
[WhiteElo "2611"]
[BlackElo "2594"]
[WhiteFideId "13301578"]
[BlackFideId "13502247"]
[EventDate "2016.06.16"]

1. d4 Nf6 2. c4 e6 3. g3 d5 4. Nf3 Be7 5. Bg2 O-O 6. Nc3 dxc4 7. Ne5 Qd6 8. Nxc4
Qa6 9. Qb3 Nc6 10. e3 Rb8 11. Qb5 Qxb5 12. Nxb5 Bd7 13. O-O Nb4 14. Nc3 c5 15.
dxc5 Rfc8 16. Ne5 Be8 17. Bd2 Rxc5 18. f4 Nd7 19. a3 Na6 20. Nxd7 Bxd7 21. Rac1
Rc7 22. b4 Rbc8 23. Rfd1 Kf8 24. Bf1 Nb8 25. Kf2 a6 26. Ne4 Ba4 27. Rxc7 Rxc7
28. Rc1 Rxc1 29. Bxc1 Nd7 30. Bb2 Bc6 31. Bd3 f5 32. Nd2 1/2-1/2

[Event "9th Asrian Memorial 2016"]
[Site "Yerevan ARM"]
[Date "2016.06.22"]
[Round "7.2"]
[White "Hovhannisyan, Robert"]
[Black "Grigoryan, Karen H."]
[Result "1-0"]
[WhiteTitle "GM"]
[BlackTitle "GM"]
[WhiteElo "2641"]
[BlackElo "2604"]
[WhiteFideId "13302507"]
[BlackFideId "13301004"]
[EventDate "2016.06.16"]

1. e4 c5 2. Nf3 Nc6 3. d4 cxd4 4. Nxd4 g6 5. c4 Nf6 6. Nc3 d6 7. Be2 Nxd4 8.
Qxd4 Bg7 9. Be3 O-O 10. Qd3 Be6 11. Bd4 Nd7 12. Bxg7 Kxg7 13. O-O Qb6 14. b3 f5
15. exf5 Bxf5 16. Qd2 Nf6 17. Bf3 Bd7 18. Rae1 Rae8 19. Re3 Bc6 20. Rfe1 Rf7 21.
R1e2 Qc5 22. Bxc6 bxc6 23. Re6 Qf5 24. Qe1 d5 25. cxd5 cxd5 26. Nb5 Qd3 27. Nxa7
Ne4 28. Nc6 Rc8 29. f3 Qb5 30. fxe4 Qc5+ 31. Kh1 d4 32. Qa1 Qc3 33. Re1 Rf2 34.
Nxd4 Rb2 35. Rc6 Qd2 36. Re2 Qd3 37. Rxb2 1-0

[Event "9th Asrian Memorial 2016"]
[Site "Yerevan ARM"]
[Date "2016.06.22"]
[Round "7.3"]
[White "Andriasian, Zaven"]
[Black "Babujian, Levon"]
[Result "1/2-1/2"]
[WhiteTitle "GM"]
[BlackTitle "GM"]
[WhiteElo "2611"]
[BlackElo "2469"]
[WhiteFideId "13302000"]
[BlackFideId "13301993"]
[EventDate "2016.06.16"]

1. e4 e5 2. Nf3 Nc6 3. Bb5 f5 4. d3 fxe4 5. dxe4 Nf6 6. O-O Bc5 7. Nc3 O-O 8.
Bxc6 bxc6 9. Nxe5 Ba6 10. Nd3 Bd4 11. Ne2 Bb6 12. Ng3 Qe8 13. Re1 Bxd3 14. cxd3
Ng4 15. Be3 Nxf2 16. Qe2 Bxe3 17. Qxe3 Ng4 18. Qg5 Qg6 19. Qxg6 hxg6 20. d4 1/2-1/2

[Event "9th Asrian Memorial 2016"]
[Site "Yerevan ARM"]
[Date "2016.06.22"]
[Round "7.4"]
[White "Stupak, Kirill"]
[Black "Kovalev, Vladislav"]
[Result "0-1"]
[WhiteTitle "GM"]
[BlackTitle "GM"]
[WhiteElo "2555"]
[BlackElo "2584"]
[WhiteFideId "13503758"]
[BlackFideId "13504398"]
[EventDate "2016.06.16"]

1. d4 Nf6 2. Nf3 c5 3. d5 e6 4. c4 b5 5. dxe6 fxe6 6. cxb5 d5 7. Nbd2 Bd6 8. g3
O-O 9. Bg2 a6 10. bxa6 Nc6 11. O-O Bxa6 12. Re1 Qe8 13. e4 Qh5 14. h3 Bc7 15.
exd5 exd5 16. Nb3 Ne4 17. Ng5 Qxd1 18. Rxd1 Nxf2 19. Rxd5 Nb4 20. Be3 Bxg3 21.
Rd2 Nfd3 22. Bxa8 Rxa8 23. Ne4 Re8 24. Nxg3 Rxe3 25. Kh2 g6 26. Nf1 Rf3 27. Rg2
Nf4 28. Nfd2 Rxh3+ 29. Kg1 Nxg2 30. Kxg2 Rh5 31. Kg3 Rg5+ 32. Kh4 Rg2 33. Ne4
Bc8 0-1

[Event "9th Asrian Memorial 2016"]
[Site "Yerevan ARM"]
[Date "2016.06.22"]
[Round "7.5"]
[White "Zubov, Alexander"]
[Black "Harutyunian, Tigran K."]
[Result "1/2-1/2"]
[WhiteTitle "GM"]
[BlackTitle "IM"]
[WhiteElo "2627"]
[BlackElo "2462"]
[WhiteFideId "14109409"]
[BlackFideId "13303635"]
[EventDate "2016.06.16"]

1. Nf3 d5 2. c4 d4 3. g3 Nc6 4. Bg2 e5 5. O-O e4 6. Ne1 h5 7. Bxe4 Nf6 8. Bg2 h4
9. d3 hxg3 10. hxg3 Bh3 11. Bxh3 Rxh3 12. Kg2 Qd7 13. Nf3 O-O-O 14. Rh1 Rxh1 15.
Qxh1 Re8 16. Qf1 Bd6 17. Nbd2 Qg4 18. Nh2 Qxe2 19. Qxe2 Rxe2 20. Ndf3 Nd7 21.
Kf1 Re8 22. b3 Nb4 23. Nxd4 Nxd3 24. Nhf3 N7e5 25. Bd2 Bc5 26. Be1 Rd8 27. Bc3
Ng4 28. Kg2 Ngxf2 29. b4 Bf8 30. c5 Ne4 31. Be1 g5 32. Rd1 Nb2 33. Rb1 Nc4 34.
Nf5 g4 35. Nh2 Rd5 36. Rc1 Ned2 37. Rc2 Nf3 38. Nxf3 gxf3+ 39. Kf2 Ne5 40. Bc3
Nd3+ 41. Kxf3 Rxf5+ 42. Ke4 Nxb4 43. Bxb4 Rg5 44. Kf4 f6 45. Rc4 c6 46. Bc3 Bh6
47. Kf3 Rf5+ 48. Ke2 Bf8 49. Bd4 Kd7 50. Be3 Ke6 51. g4 Re5 52. Kf3 Be7 53. Rc2
Rd5 54. Ke4 Kd7 55. Rb2 Kc7 56. Rc2 b5 57. cxb6+ axb6 58. a4 Bd6 59. Rc4 Kb7 60.
Bd4 Be5 61. Be3 Bd6 62. Bd4 Rg5 63. Bxf6 Rxg4+ 64. Kd3 Rg2 65. Kc3 c5 66. Kb3
Kc6 67. Rh4 Rg3+ 68. Kc2 Kd5 69. Bc3 Rf3 70. Rh5+ Kc6 71. Rh6 Re3 72. Kd2 Re7
73. Kd3 Re8 74. Rg6 Rd8 75. Kc4 Ra8 76. Be5 Rd8 77. Bxd6 Rxd6 78. Rxd6+ Kxd6 79.
Kb5 Kc7 80. a5 bxa5 81. Kxc5 1/2-1/2

[Event "9th Asrian Memorial 2016"]
[Site "Yerevan ARM"]
[Date "2016.06.22"]
[Round "7.6"]
[White "Sargsyan, Shant"]
[Black "Ter-Sahakyan, Samvel"]
[Result "1-0"]
[WhiteTitle "CM"]
[BlackTitle "GM"]
[WhiteElo "2378"]
[BlackElo "2617"]
[WhiteFideId "13306766"]
[BlackFideId "13302531"]
[EventDate "2016.06.16"]

1. d4 d5 2. c4 c6 3. Nc3 Nf6 4. e3 e6 5. Nf3 Nbd7 6. Qc2 Bd6 7. Bd3 O-O 8. O-O
dxc4 9. Bxc4 b5 10. Be2 Qe7 11. e4 e5 12. Rd1 h6 13. h3 a6 14. Be3 Re8 15. Rac1
Qf8 16. Bf1 Bb7 17. dxe5 Nxe5 18. Nd4 Ng6 19. Nf5 Be5 20. f3 c5 21. a4 c4 22.
axb5 axb5 23. Nxb5 Nxe4 24. fxe4 Bxe4 25. Qf2 Bxf5 26. Qxf5 Bxb2 27. Bc5 Ne7 28.
Bxe7 Qxe7 29. Rxc4 Bf6 1-0

[Event "9th Asrian Memorial 2016"]
[Site "Yerevan ARM"]
[Date "2016.06.22"]
[Round "7.7"]
[White "Oleksiyenko, Mykhaylo"]
[Black "Bakunts, Rafael"]
[Result "1-0"]
[WhiteTitle "GM"]
[WhiteElo "2615"]
[BlackElo "2355"]
[WhiteFideId "4152417"]
[BlackFideId "13304097"]
[EventDate "2016.06.16"]

1. e4 e5 2. Nf3 Nc6 3. d4 exd4 4. Nxd4 Bc5 5. Nb3 Bb6 6. Nc3 Nf6 7. Qe2 O-O 8.
Be3 d5 9. O-O-O d4 10. Bg5 Qd6 11. Kb1 Ng4 12. Nd5 Be6 13. h3 Nge5 14. f4 d3 15.
Qd2 Bxd5 16. exd5 Nc4 17. Qxd3 Ne3 18. dxc6 Nxd1 19. Qxd6 cxd6 20. cxb7 Rab8 21.
Ba6 Nf2 22. Re1 f6 23. Bh4 d5 24. Bxf2 Bxf2 25. Re6 Bg3 26. f5 Rfe8 27. Nd4 Kf8
28. c4 dxc4 29. Nc6 c3 30. bxc3 Rxe6 31. fxe6 Re8 32. Bc4 Re7 33. Nxe7 Kxe7 34.
Bd5 f5 35. Kc2 g5 36. Kd3 h5 37. c4 g4 38. h4 Bb8 39. c5 f4 40. Kc4 a6 41. Kb4
Bc7 42. a3 Kd8 43. c6 Ke8 44. b8=Q+ Bxb8 45. Ka5 1-0

[Event "9th Asrian Memorial 2016"]
[Site "Yerevan ARM"]
[Date "2016.06.22"]
[Round "7.8"]
[White "Mikaelyan, Arman"]
[Black "Gabuzyan, Hovhannes"]
[Result "1/2-1/2"]
[WhiteTitle "IM"]
[BlackTitle "GM"]
[WhiteElo "2444"]
[BlackElo "2614"]
[WhiteFideId "13304852"]
[BlackFideId "13303732"]
[EventDate "2016.06.16"]

1. d4 Nf6 2. c4 g6 3. Nc3 d5 4. Nf3 Bg7 5. e3 O-O 6. cxd5 Nxd5 7. Bc4 Nb6 8. Bb3
Na6 9. O-O c5 10. h3 Bf5 11. Qe2 Rc8 12. e4 Bd7 13. d5 c4 14. Bc2 Nb4 15. Be3
Qc7 16. a4 Rcd8 17. a5 Nc8 18. Bb1 e6 19. dxe6 Bxe6 20. Nb5 Qe7 21. Nbd4 Rfe8
22. Rc1 Nc6 23. Nxc6 bxc6 24. Ba2 c3 25. bxc3 Bxa2 26. Qxa2 Bf6 27. Bf4 Qxe4 28.
Bc7 Rd7 29. Re1 Rxc7 30. Rxe4 Rxe4 31. Rd1 Kg7 32. Qb3 Re8 33. c4 Ne7 34. Qe3 c5
35. Qf4 Rec8 36. Rd6 Bc3 37. Qc1 Bd4 38. Nxd4 cxd4 39. Rxd4 Nf5 40. Rf4 Nd6 41.
Qc3+ Kg8 42. Qf6 Ne8 43. Qd4 Ng7 44. Re4 Ne6 45. Qe3 Rc5 46. h4 R8c7 47. Qc3 h5
48. Qb4 Kg7 49. Kh2 R5c6 50. Qc3+ Kg8 51. g3 Kh7 52. Kg2 Rc5 53. Qb4 R5c6 54.
Qb8 Rd7 55. Qe8 Rcc7 56. Re5 Rd4 57. Qa8 Rdxc4 58. Rb5 R4c5 59. Rxc5 Nxc5 60.
Qb8 Ne6 61. a6 Kg7 62. Qb2+ Kh7 63. Kf3 Rc6 64. Qb7 Kg7 65. Ke3 Rc3+ 66. Kd2 Rc7
67. Qb2+ Kg8 68. f4 Kh7 69. f5 Nc5 70. fxg6+ fxg6 71. Qb5 Ne4+ 72. Kd3 Nxg3 73.
Qe5 Rd7+ 74. Kc4 Nf5 75. Qf6 Rc7+ 76. Kb5 Rd7 77. Kc5 Rc7+ 78. Kb4 Re7 79. Kc5
Rc7+ 1/2-1/2

[Event "9th Asrian Memorial 2016"]
[Site "Yerevan ARM"]
[Date "2016.06.22"]
[Round "7.9"]
[White "Sivuk, Vitaly"]
[Black "Kalashian, David"]
[Result "1-0"]
[WhiteTitle "GM"]
[BlackTitle "IM"]
[WhiteElo "2520"]
[BlackElo "2316"]
[WhiteFideId "14116502"]
[BlackFideId "13302418"]
[EventDate "2016.06.16"]

1. c4 Nf6 2. d4 e6 3. g3 d5 4. Nf3 Bb4+ 5. Bd2 Be7 6. Bg2 O-O 7. O-O c6 8. Bf4
dxc4 9. Ne5 Nd5 10. Nxc4 Nxf4 11. gxf4 c5 12. dxc5 Qc7 13. e3 Qxc5 14. Nbd2 Nc6
15. Rc1 Qb5 16. Qb3 Qh5 17. Bf3 Qf5 18. Kh1 e5 19. Bxc6 bxc6 20. Nxe5 Be6 21.
Qc2 Qh5 22. f3 Bh4 23. Nb3 Bh3 24. Rg1 Rae8 25. Qe2 f6 26. Nxc6 Kh8 27. Rc5 Qf7
28. Nbd4 g6 29. Ra5 Ra8 30. b4 Rfe8 31. e4 Bd7 32. b5 Qf8 33. Qe3 Qc5 34. Rc1
Qd6 35. Ra6 Qf8 36. a4 g5 37. Rg1 Qc5 38. f5 Qc4 39. Qb3 Qxb3 40. Nxb3 Bf2 41.
Rf1 Be3 42. Re1 Bf2 43. Re2 Bb6 44. a5 Bc7 45. Rd2 Bxc6 46. Rxc6 Be5 47. Nc5
Rad8 48. Rd7 h5 49. Re6 Rg8 50. Ree7 Rxd7 51. Nxd7 Bd4 52. Rf7 g4 53. Nxf6 Bxf6
54. Rxf6 gxf3 55. Rh6+ 1-0

[Event "9th Asrian Memorial 2016"]
[Site "Yerevan ARM"]
[Date "2016.06.22"]
[Round "7.10"]
[White "Petrosyan, Manuel"]
[Black "Martirosyan, Haik M."]
[Result "0-1"]
[WhiteTitle "IM"]
[BlackTitle "IM"]
[WhiteElo "2518"]
[BlackElo "2443"]
[WhiteFideId "13300857"]
[BlackFideId "13306553"]
[EventDate "2016.06.16"]

1. d4 Nf6 2. c4 e6 3. g3 c5 4. d5 exd5 5. cxd5 d6 6. Nc3 g6 7. Bg2 Bg7 8. Nf3
O-O 9. O-O a6 10. a4 Nbd7 11. Nd2 Re8 12. h3 Rb8 13. Nc4 Ne5 14. Na3 Nh5 15. e4
Bd7 16. a5 Qxa5 17. g4 Nf6 18. f4 Nfxg4 19. hxg4 Nxg4 20. f5 Ne5 21. f6 Bh8 22.
Bg5 Qd8 23. Qd2 b5 24. Nc2 a5 25. Ne2 a4 26. Qf4 b4 27. Ng3 b3 28. Ne3 c4 29.
Ne2 Qb6 30. Kh2 Ra8 31. Ra3 Qc5 32. Qh4 Rab8 33. Qh6 Bg4 34. Nc3 Bh5 35. Kg3 Ra8
36. Rh1 Qd4 37. Raa1 Nd7 38. Rxh5 gxh5 39. Rf1 a3 40. Bh3 Nf8 41. Bf5 axb2 42.
Rh1 Qxc3 43. Qxh5 Bxf6 44. Bf4 Ra1 45. Bxh7+ Nxh7 46. Qxh7+ Kf8 47. Bxd6+ Be7
48. Qh6+ Qg7+ 49. Qxg7+ Kxg7 50. Be5+ Bf6 51. Nf5+ Kg8 52. Ne7+ Rxe7 0-1

[Event "9th Asrian Memorial 2016"]
[Site "Yerevan ARM"]
[Date "2016.06.22"]
[Round "7.11"]
[White "Kotanjian, Tigran"]
[Black "Shahinyan, David"]
[Result "1-0"]
[WhiteTitle "GM"]
[BlackTitle "IM"]
[WhiteElo "2485"]
[BlackElo "2442"]
[WhiteFideId "13301250"]
[BlackFideId "13304380"]
[EventDate "2016.06.16"]

1. Nf3 e6 2. c4 f5 3. g3 b6 4. Bg2 Bb7 5. O-O Nf6 6. d4 Be7 7. Nc3 Ne4 8. d5
Nxc3 9. bxc3 O-O 10. Qc2 Na6 11. Nd4 Nc5 12. Ba3 Qc8 13. Rad1 g6 14. e4 fxe4 15.
dxe6 d6 16. Bxc5 bxc5 17. Nb3 e3 18. Bxb7 exf2+ 19. Rxf2 Qxb7 20. Rdf1 Rxf2 21.
Rxf2 Bg5 22. Na5 Qb6 23. Qe4 Re8 24. Nc6 Be3 25. Qxe3 Qxc6 26. Qf4 Rb8 27. Qf7+
Kh8 28. e7 Rb1+ 29. Rf1 Rxf1+ 30. Qxf1 1-0

[Event "9th Asrian Memorial 2016"]
[Site "Yerevan ARM"]
[Date "2016.06.22"]
[Round "7.12"]
[White "Movsisyan, Vardan"]
[Black "Baghdasaryan, Vahe"]
[Result "0-1"]
[BlackTitle "IM"]
[WhiteElo "2179"]
[BlackElo "2452"]
[WhiteFideId "13301799"]
[BlackFideId "13303139"]
[EventDate "2016.06.16"]

1. e4 c5 2. Nf3 d6 3. Bb5+ Nc6 4. O-O Bd7 5. Re1 Nf6 6. c3 a6 7. Bf1 Bg4 8. d3
e6 9. h3 Bh5 10. g4 Bg6 11. Nh4 Be7 12. f4 Nd7 13. g5 f6 14. Nxg6 hxg6 15. gxf6
gxf6 16. d4 cxd4 17. cxd4 e5 18. Be3 g5 19. d5 Nd4 20. fxg5 fxg5 21. Nd2 Rc8 22.
Bxd4 exd4 23. Be2 Qb6 24. Bg4 d3+ 25. Kg2 Rc2 26. Bxd7+ Kxd7 27. Qg4+ Kd8 28.
Rad1 Qxb2 29. Kg3 Rxd2 30. Rxd2 Qxd2 31. Rf1 Qe3+ 32. Qf3 Qxf3+ 33. Rxf3 Rh4 34.
Rxd3 Rxe4 0-1